Занавес: роман; пер. с фр.

Λεπτομέρειες βιβλιογραφικής εγγραφής
Κύριος συγγραφέας: Кундера М. Милан
Περίληψη:«Занавес» — это новая книга Милана Кундеры, впервые переведенная на русский язык. Один из крупнейших прозаиков современности вновь погружается во вселенную романа. Автор размышляет о глубинных закономерностях этого сложнейшего жанра, дающего свежий взгляд на мир, о его взаимоотношениях с историей. В сущности, Кундера создает основополагающий курс искусства романа и его роли в мировой литературе. Эссе Кундеры, подобно музыкальной партитуре, состоит из семи частей, каждая из которых содержит несколько блистательных медитаций о судьбах романа и его крупнейших творцов, таких как Ф. Рабле, М. Сервантес, Л. Толстой, М. Пруст, Р. Музиль, Ф. Кафка и др. В «Занавесе» блестяще показано, что работа писателя дает читателю инструмент, позволяющий разглядеть то, что иначе, возможно, никогда не было бы увидено.
Γλώσσα:Ρωσικά
Έκδοση: СПб., Азбука-классика, 2010
Θέματα:
Μορφή: Βιβλίο
KOHA link:https://koha.lib.tpu.ru/cgi-bin/koha/opac-detail.pl?biblionumber=186343

MARC

LEADER 00000nam0a2200000 4500
001 186343
005 20231031173529.0
010 |a 9785998511929 
035 |a (RuTPU)RU\TPU\book\202174 
090 |a 186343 
100 |a 20101027d2010 m y0rusy50 ca 
101 1 |a rus  |c fre 
102 |a RU 
105 |a y z 000ay 
200 1 |a Занавес  |e роман  |e пер. с фр.  |f М. Кундера 
210 |a СПб.  |c Азбука-классика  |d 2010 
215 |a 240 с. 
330 |a «Занавес» — это новая книга Милана Кундеры, впервые переведенная на русский язык. Один из крупнейших прозаиков современности вновь погружается во вселенную романа. Автор размышляет о глубинных закономерностях этого сложнейшего жанра, дающего свежий взгляд на мир, о его взаимоотношениях с историей. В сущности, Кундера создает основополагающий курс искусства романа и его роли в мировой литературе. Эссе Кундеры, подобно музыкальной партитуре, состоит из семи частей, каждая из которых содержит несколько блистательных медитаций о судьбах романа и его крупнейших творцов, таких как Ф. Рабле, М. Сервантес, Л. Толстой, М. Пруст, Р. Музиль, Ф. Кафка и др. В «Занавесе» блестяще показано, что работа писателя дает читателю инструмент, позволяющий разглядеть то, что иначе, возможно, никогда не было бы увидено. 
610 1 |a французская литература 
610 1 |a романы 
610 1 |a проза 
675 |a 84  |v 3 
700 1 |a Кундера  |b М.  |g Милан 
801 1 |a RU  |b 63413507  |c 20101027 
801 2 |a RU  |b 63413507  |c 20111103  |g RCR 
942 |c BK